Catálogo

Oftalmología en la práctica de la medicina general / (Registro nro. 69423)

Detalles MARC
000 -LEADER
fixed length control field 01209aam a2200313 i 4500
001 - CONTROL NUMBER
control field 69423
003 - CONTROL NUMBER IDENTIFIER
control field Mx-PuUPA
005 - DATE AND TIME OF LATEST TRANSACTION
control field 20220302075622.0
008 - FIXED-LENGTH DATA ELEMENTS--GENERAL INFORMATION
fixed length control field 211126i2019 |||a|||fr|||| 001 0 spa d
020 ## - INTERNATIONAL STANDARD BOOK NUMBER
International Standard Book Number 9786073016353
040 ## - CATALOGING SOURCE
Original cataloging agency Mx-PuUPA
Language of cataloging spa
Transcribing agency Mx-PuUPA
Modifying agency Mx-PuUPA
Description conventions rda
041 0# - LANGUAGE CODE
Language code of text/sound track or separate title spa
245 00 - TITLE STATEMENT
Title Oftalmología en la práctica de la medicina general /
Statement of responsibility, etc. Enrique Graue Hernández, Enrique Graue Wiechers, [editores]
250 ## - EDITION STATEMENT
Edition statement Quinta edición
264 #1 - PRODUCTION, PUBLICATION, DISTRIBUTION, MANUFACTURE, AND COPYRIGHT NOTICE
Place of production, publication, distribution, manufacture México, Ciudad de México :
Name of producer, publisher, distributor, manufacturer Universidad Nacional Autónoma de México : McGraw-Hill Interamericana,
Date of production, publication, distribution, manufacture, or copyright notice 2019
-- ©2020
300 ## - PHYSICAL DESCRIPTION
Extent x, 452 páginas :
Other physical details ilustraciones ;
Dimensions 23 cm
336 ## - CONTENT TYPE
Fuente rdacontent
Content type term texto
Content type code txt
336 ## - CONTENT TYPE
Fuente rdacontent
Content type term imagen fija
Content type code sti
337 ## - MEDIA TYPE
Source rdamedia
Media type term sin medio
Media type code n
338 ## - CARRIER TYPE
Source rdacarrier
Carrier type term volumen
Carrier type code nc
650 #7 - SUBJECT ADDED ENTRY--TOPICAL TERM
Source of heading or term armarc
Topical term or geographic name entry element Oftalmología
650 #7 - SUBJECT ADDED ENTRY--TOPICAL TERM
Source of heading or term armarc
Topical term or geographic name entry element Ojos
General subdivision Enfermedades y defectos
700 1# - ADDED ENTRY--PERSONAL NAME
Personal name Graue Hernández, Enrique,
Relator term editor
-- autor
9 (RLIN) 11769
700 1# - ADDED ENTRY--PERSONAL NAME
Personal name Graue Wiechers, Enrique,
Relator term editor
-- autor
942 ## - ADDED ENTRY ELEMENTS (KOHA)
Source of classification or shelving scheme Dewey Decimal Classification
Classification part 617.7
Item part O33
Koha item type Libro
Existencias
Withdrawn status Lost status Source of classification or shelving scheme Damaged status Not for loan Collection code Home library Current library Shelving location Date acquired Source of acquisition Total Checkouts Full call number Barcode Date last seen Date last checked out Price effective from Koha item type
    Dewey Decimal Classification     General Biblioteca Karol Wojtyla Biblioteca Karol Wojtyla Sala general 16/07/2021 compra 1 617.7 O33 2019 102062 03/03/2026 20/01/2026 28/09/2021 Reserva permanente